00550 a2200157 4500020002300000035001300023037004400036100001500080245008200095250002500177260003100202270008400233300003200317500002800349700001500377 a8121926149c480.00 aB-211107 bRP-DIZ-9 / PANSY-07-08:5 / RP-07-08:ENG1 aBahl, Arun1 aA text book of organic chemistrybfor B.Sc. studentscby Arun Bahl, B.S. Bahl a18th rev. & enl. ed. aNew DelhibS. Chandc2007r a7361, Ram Nagar,bDelhicNew Delhie110055k23672080l23677446mSchand@vsnl.com axviii, 1054 pc24 cm (pbk) athis is reprint in 2007 aBahl, Arun